00592 a2200205 4500260001000000630004100010650000600051260000900057245015200066300001200218650002500230650003300255650002100288260000900309300001000318100000700328110001900335037001400354020001800368 aParis aDroit, législation, administration aG bCNRS aJurisprudence du Conseil d'Etat et du Tribunal des Conflits : tables décennales 1965-1974. Tome 6 : de professions, charges et offices à voirie a1143 p. aSécurité Sociale aJuridictions administratives aActes juridiques c1976 b22,5c lFr aConseil d'Etat aDe 000615 a2-222-02016-6